LEADER 01212nam a2200253 a 4500 001 000000139414 003 CaOOAMICUS 005 20140723141525.0 008 140723s1968 it u000 u ita r 040 $aPUL$bita 100 1 $aBausola, Adriano,$d1930-2000.$0(OLS)http://pul/name/666 245 10$aConoscenza e moralitą in Franz Brentano /$cAdriano Bausola. 260 $aMilano :$bVita e pensiero,$c1968. 300 $aVII, 218 p. ;$c24 cm 490 1 $aPubblicazioni della Universitą cattolica del Sacro Cuore., Contributi.$aSerie 3, Scienze filosofiche ;$v13 504 $aBibliografia in nota. 600 14$aBrentano, Franz Clemens,$d1838-1917$xFilosofia.$0(OLS)http://pul/subject/24124 830 0$aPubblicazioni della Universitą cattolica del Sacro Cuore.$pContributi.$nSerie 3,$pScienze filosofiche ;$v13.$0(OLS)http://pul/title/3789 850 $aPUL 852 $aPUL$W1$xDP2 Diritto Canonico 1$y64$m167 D 20.9.13$j161046$qStampati$B160495$CPULBib$Z2$F160495 $H31130 $82 941 1 $a8 996 $6245$aConoscenza e moralitą in Franz Brentano$9(OLS)http://pul/title/176493 996 $6260$aMilano :$bVita e pensiero$9(OLS)http://pul/publisher/48016 LEADER 01942nam a2200361 a 4500 001 000000171482 003 CaOOAMICUS 005 20190209115027.0 008 190209s2018 vc u000 u ita r 020 $a978-88-465-1221-5* 032 $aLibriCat 040 $aPUL$bita 100 1 $aDe Angelis, Francesco.$0(OLS)http://pul/name/59944 245 12$aL'educazione del minore e la libertą religiosa: $bprofili di riflessione nel diritto canonico e nel diritto internazionale /$cFrancesco De Angelis. 260 $aCittą del Vaticano :$bLateran University Press,$c©2018. 300 $a315 p.;$c21 cm 490 1 $aCorona Lateranensis ;$v88 500 $aIn testa al front.: Pontificia Universitas Lateranensis. Institutum Utriusque Iuris. 500 $aSul front.: Thesis ad Doctoratum in Utroque Iure consequendum. 502 $aTesi -- Pontificia Universitas Lateranensis, Institutum Utriusque Iuris, 2018. 504 $aBibliografia p. [293]-309. 650 4$aEducazione religiosa$xDiritto Canonico.$0(OLS)http://pul/subject/45841 650 4$aLibertą religiosa$xDiritto internazionale.$0(OLS)http://pul/subject/42714 830 0$aCorona Lateranensis.$pInstitutum Utriusque Iuris ;$v88.$0(OLS)http://pul/title/55043 850 $aPUL 852 $aPUL$W1$xDP1 Tesi Pon Univ. Lateranense$y41$m2018 E 10$j195192$qTesi$B200096$CPULBib$Z2$F200096 $82 852 $aPUL$W1$xSL Religione 2$y84$mTheol A5b 88$j195178$qStampati Altre Collocazioni$B200082$CPULBib$Z2$F200082 $H132244 $82 941 1 $a10 941 1 $a16 996 $6020$a978-88-465-1221-5*$9(OLS)http://pul/number/165736 996 $6245$aL'educazione del minore e la libertą religiosa: $bprofili di riflessione nel diritto canonico e nel diritto internazionale$9(OLS)http://pul/title/212285 996 $6260$aCittą del Vaticano :$bLateran University Press$9(OLS)http://pul/publisher/74585